| 000 | 00555nam a22001937a 4500 | ||
|---|---|---|---|
| 999 |
_c442627 _d442627 |
||
| 003 | UA-OsUOA | ||
| 005 | 20191025115113.0 | ||
| 008 | 191025b un ||||| |||| 00| 0 ukr d | ||
| 040 |
_aUA-OsUOA _bukr _cUA-OsUOA _dUA-OsUOA |
||
| 041 | _aukr | ||
| 080 | _a821.161.1 | ||
| 090 |
_a821.161.1 _bЛ50 |
||
| 100 | _aЛєсков М | ||
| 245 |
_aВибрані твори _cМ. С. Лєсков ; перекл. О. Кундзіча |
||
| 260 |
_aКиїв _bХудожня література _c1950 |
||
| 300 | _a318 с. | ||
| 942 |
_2udc _cBK |
||
| 955 | _a3 | ||